000 00504nam a2200193 i 4500
001 bg
100 1 _aHARBISON, Samuel P.
245 0 _aC a reference manual /
_cSamuel P. Harbison, Guy L. Steele.
260 _aEnglewood Cliffs :
_bPrentice-Hall,
_c1984.
650 9 _aC (język programowania)
700 1 _aSTEELE, Guy L.
020 _a0131100084
040 _cBPK
041 _apol
080 _a004.438
920 _a0-13-110008-4
942 _cKS
008 s pl f |000 0 pol
999 _c23776
_d23776
856 _uhttp://koha.tu.koszalin.pl/cgi-bin/koha/opac-detail.pl?biblionumber=23776
_yKatalog online BPK